Central Library OPAC University of Rajshahi

Capital markets : (Record no. 2477)

MARC details
000 -LEADER
fixed length control field 00853pam a2200277 a 4500
001 - CONTROL NUMBER
control field 2477
003 - CONTROL NUMBER IDENTIFIER
rucl marc code BD-RjUL
005 - DATE AND TIME OF LATEST TRANSACTION
control field 20211208233548.0
008 - FIXED-LENGTH DATA ELEMENTS--GENERAL INFORMATION
fixed length control field 131211s1996 njua b 001 0 eng
020 ## - INTERNATIONAL STANDARD BOOK NUMBER
International Standard Book Number 0133001873
035 ## - SYSTEM CONTROL NUMBER
System control number (BD-RjUL)2504
040 ## - CATALOGING SOURCE
Original cataloging agency DLC
Transcribing agency DLC
Modifying agency DLC
-- BD-RjUL
Language of cataloging eng
041 ## - LANGUAGE CODE
Language code of text/sound track or separate title eng
082 00 - DEWEY DECIMAL CLASSIFICATION NUMBER
Classification number 332.0414
Edition number 20
Author mark and year FAC 1996
100 1# - MAIN ENTRY--PERSONAL NAME
Personal name Fabozzi, Frank J.
9 (RLIN) 8027
245 10 - TITLE STATEMENT
Title Capital markets :
Remainder of title institutions and instruments /
Statement of responsibility, etc. Frank J. Fabozzi, Franco Modigliani.
250 ## - EDITION STATEMENT
Edition statement 2nd ed.
260 ## - PUBLICATION, DISTRIBUTION, ETC. (IMPRINT)
Place of publication, distribution, etc. Upper Saddle River, N.J. :
Name of publisher, distributor, etc. Prentice Hall,
Date of publication, distribution, etc. c1996.
300 ## - PHYSICAL DESCRIPTION
Pagination xvi, 768 p. :
Illustrations ill. (some col.) ;
Size 25 cm.
504 ## - BIBLIOGRAPHY, ETC. NOTE
Bibliography, etc Includes bibliographical references and index.
650 #0 - SUBJECT ADDED ENTRY--TOPICAL TERM
Topical term or geographic name as entry element Capital market.
9 (RLIN) 8028
700 1# - ADDED ENTRY--PERSONAL NAME
Personal name Modigliani, Franco.
942 ## - ADDED ENTRY ELEMENTS (KOHA)
Source of classification or shelving scheme Dewey Decimal Classification
Koha item type Books
Holdings
Lost status Source of classification or shelving scheme Damaged status Not for loan Permanent Location Current Location Shelving location Date acquired Source of acquisition Cost, normal purchase price Total Checkouts Full call number Date last seen Copy number Koha item type
  Dewey Decimal Classification     Central Library, University of Rajshahi Central Library, University of Rajshahi   15/06/2008 R. U. L. 0.00   332.0414 FAC 1996 11/12/2013 C-3 Books